书目信息 |
| 题名: |
个人创业操作全书
|
|
| 作者: | 文新 主编 | |
| 分册: | ||
| 出版信息: | 北京 中国纺织出版社 2015 |
|
| 页数: | 332页 | |
| 开本: | 24cm | |
| 丛书名: | ||
| 单 册: | ||
| 中图分类: | F276.5 | |
| 科图分类: | ||
| 主题词: | 私营企业--企业管理--基本知识 | |
| 电子资源: | ||
| ISBN: | 978-7-5180-0937-4 | |
| 000 | 00900nam0 2200241 450 | |
| 001 | 012001001990 | |
| 005 | 20180925095120.95 | |
| 010 | @a978-7-5180-0937-4@dCNY37.80 | |
| 100 | @a20151327d2015 em y0chiy50 ea | |
| 101 | 0 | @achi |
| 102 | @aCN@b110000 | |
| 105 | @ay z 000yy | |
| 106 | @ar | |
| 200 | 1 | @a个人创业操作全书@9ge ren chuang ye cao zuo quan shu@f文新主编 |
| 205 | @a2版 | |
| 210 | @a北京@c中国纺织出版社@d2015 | |
| 215 | @a332页@d24cm | |
| 330 | @a本书迎合当代青年的创业需求,从创业者必备的心里素质,应该如何寻找机会,应该如果筹措资金,应该选择哪种创业方式,应该如何进行公司的财务管理等格格方面讲述了创业过程中应该注意的一系列问题。本书旨在为有至于创业的人员在创业中需要注意的各个问题提供解决方案。 | |
| 606 | 0 | @a私营企业@x企业管理@x基本知识 |
| 690 | @aF276.5@v5 | |
| 701 | 0 | @a文新@9wen xin@4主编 |
| 801 | 0 | @aCN@b上海新华@c20180901 |
| 905 | @b1152532-6@dF276.5@e1557=2@f5 | |
| 个人创业操作全书/文新主编.-2版.-北京:中国纺织出版社,2015 |
| 332页;24cm |
| ISBN 978-7-5180-0937-4:CNY37.80 |
| 本书迎合当代青年的创业需求,从创业者必备的心里素质,应该如何寻找机会,应该如果筹措资金,应该选择哪种创业方式,应该如何进行公司的财务管理等格格方面讲述了创业过程中应该注意的一系列问题。本书旨在为有至于创业的人员在创业中需要注意的各个问题提供解决方案。 |
| ● |
| 相关链接 |
|
|
|
|
正题名:个人创业操作全书
索取号:F276.5/1557=2
 
预约/预借
| 序号 | 登录号 | 条形码 | 馆藏地/架位号 | 状态 | 备注 |
| 1 | 1152532 | 211525321 | 第一样本阅览室/ [索取号:F276.5/1557=2] | 在馆 | |
| 2 | 1152533 | 211525330 | 第一借阅区/ [索取号:F276.5/1557=2] | 在馆 | |
| 3 | 1152534 | 211525349 | 第一借阅区/ [索取号:F276.5/1557=2] | 在馆 | |
| 4 | 1152535 | 211525358 | 密集书库-海洋学院/ [索取号:F276.5/1557=2] | 在馆 | |
| 5 | 1152536 | 211525367 | 第一借阅区/ [索取号:F276.5/1557=2] | 在馆 |